000 00829nam a22001937a 4500
003 NALT
005 20211208093802.0
008 s2546 th tha d
040 _aNALT
041 _atha
090 _aว GV1469.2
_bส875ก 2546
100 0 _aสุวรรณี อัศวกุลชัย
245 1 0 _aเกมคอมพิวเตอร์ในการจัดการคุณภาพอากาศสำหรับเด็ก /
_cสุวรรณี อัศวกุลชัย.
260 3 _aกรุงเทพฯ :
_bสำนักงานกองทุนสนับสนุนการวิจัย,
_c2546
300 _a1 เล่ม :
_bภาพประกอบ, ตาราง ;
_c 30 ซม.
850 _aNALT
942 _cRSH
_2lcc
998 _bSAIPHON
_j109
_k อารีรัตน์ วิชาช่าง
999 _c32109
_d32109